| 000 | 01559nam a2200385 a 4500 | ||
|---|---|---|---|
| 001 | ebr10716912 | ||
| 003 | CaPaEBR | ||
| 006 | m o u | ||
| 007 | cr cn||||||||| | ||
| 008 | 130227s2013 cau sb 001 0 eng d | ||
| 010 | _z 2013004764 | ||
| 020 | _z9781611320886 (hardback : alk. paper) | ||
| 020 | _z9781611320893 (pbk. : alk. paper) | ||
| 020 | _z9781611320909 (e-book) | ||
| 040 |
_aCaPaEBR _cCaPaEBR |
||
| 035 | _a(OCoLC)847348404 | ||
| 043 | _an-us--- | ||
| 050 | 1 | 4 |
_aE98.P99 _bI55 2013eb |
| 082 | 0 | 4 |
_a305.897 _223 |
| 245 | 0 | 0 |
_aIndians on display _h[electronic resource] : _bglobal commodification of native America in performance, art, and museums / _cNorman K. Denzin. |
| 260 |
_aWalnut Creek, Calif. : _bLeft Coast Press, Inc., _c2013. |
||
| 300 | _a226 p. | ||
| 504 | _aIncludes bibliographical references and index. | ||
| 533 |
_aElectronic reproduction. _bPalo Alto, Calif. : _cebrary, _d2013. _nAvailable via World Wide Web. _nAccess may be limited to ebrary affiliated libraries. |
||
| 650 | 0 |
_aIndians of North America _xPublic opinion. |
|
| 650 | 0 | _aIndians in popular culture. | |
| 650 | 0 | _aIndians in art. | |
| 650 | 0 |
_aMuseum exhibits _zUnited States. |
|
| 650 | 0 |
_aIndians of North America _vExhibitions. |
|
| 650 | 0 |
_aFolklore _xPerformance _zUnited States. |
|
| 650 | 0 |
_aPublic opinion _zUnited States. |
|
| 655 | 7 |
_aElectronic books. _2local |
|
| 710 | 2 | _aebrary, Inc. | |
| 856 | 4 | 0 |
_uhttp://site.ebrary.com/lib/rucke/Doc?id=10716912 _zAn electronic book accessible through the World Wide Web; click to view |
| 999 |
_c25885 _d25885 |
||